MARKETING RESEARCH (Record no. 13260)
[ view plain ]
| 000 -LEADER | |
|---|---|
| fixed length control field | 00327nam a2200133Ia 4500 |
| 008 - FIXED-LENGTH DATA ELEMENTS--GENERAL INFORMATION | |
| fixed length control field | 240624s9999 xx 000 0 und d |
| 041 ## - LANGUAGE CODE | |
| Language code of text/sound track or separate title | eng |
| 082 ## - DEWEY DECIMAL CLASSIFICATION NUMBER | |
| Classification number | 658.83 AAK |
| 100 ## - MAIN ENTRY--PERSONAL NAME | |
| Personal name | AAKER DAVID A |
| 245 ## - TITLE STATEMENT | |
| Title | MARKETING RESEARCH |
| 250 ## - EDITION STATEMENT | |
| Edition statement | (9th ed.) |
| 260 ## - PUBLICATION, DISTRIBUTION, ETC. | |
| Date of publication, distribution, etc. | 2008 |
| Place of publication, distribution, etc. | New Delhi |
| Name of publisher, distributor, etc. | Wiley India |
| 300 ## - PHYSICAL DESCRIPTION | |
| Extent | 774 : p. : cm. ; 24 |
| Withdrawn status | Lost status | Damaged status | Not for loan | Home library | Current library | Shelving location | Date acquired | Total Checkouts | Full call number | Barcode | Date last seen | Price effective from | Koha item type |
|---|---|---|---|---|---|---|---|---|---|---|---|---|---|
| Store Books | IMTN | IMTN | Rack 37-B | 06/05/2009 | 658.83 AAK | 13260 | 06/24/2024 | 06/24/2024 | Books |